| 000 | 00558nam a2200193Ia 4500 | ||
|---|---|---|---|
| 003 | OSt | ||
| 005 | 20200728124016.0 | ||
| 008 | 190216s9999||||xx |||||||||||||| ||und|| | ||
| 020 | _a9788131718674 | ||
| 040 | _coclc | ||
| 082 |
_a515 _bWEI/T |
||
| 100 |
_aWeir, Maurice D _93824 |
||
| 245 | 0 |
_aThomas' Calculus / _cMaurice D Weir ; Joel Hass ; Frank R. Giordano |
|
| 250 | _a11th Ed. | ||
| 260 |
_bPearson Education Asia, _aDelhi: _c2008. |
||
| 300 | _a1320p | ||
| 650 | _aMathematics | ||
| 942 |
_cBK _2ddc _h515 _iWEI/T _k515 _mWEI/T |
||
| 999 |
_c32195 _d32195 |
||